000 00234nam a2200109Ia 4500
005 20251222140102.0
008 251222s1900||||xx |||||||||||||| ||spa||
082 _a174/I59
245 0 _aMoral Profesional
264 _bILVF
942 _cLIB
999 _c3970
_d3970